| 000 | 00372nam a2200157Ia 4500 | ||
|---|---|---|---|
| 003 | OSt | ||
| 005 | 20240327113737.0 | ||
| 008 | 170524s9999 xx 000 0 und d | ||
| 020 | _a8847607531 | ||
| 040 | _cIIMT UNIVERSITY | ||
| 100 | _aBonechi - B. E. | ||
| 245 | 4 | _aThe Cooking of Venice and North east | |
| 260 | _bBonechi - B. E. | ||
| 260 | _c2004 | ||
| 942 |
_2ddc _c02 |
||
| 999 |
_c6684 _d6684 |
||